<?xml version="1.0" encoding="UTF-8"?>
<record
    xmlns:xsi="http://www.w3.org/2001/XMLSchema-instance"
    xsi:schemaLocation="http://www.loc.gov/MARC21/slim http://www.loc.gov/standards/marcxml/schema/MARC21slim.xsd"
    xmlns="http://www.loc.gov/MARC21/slim">

  <leader>01647na  a2200301   4500</leader>
  <controlfield tag="001">23113</controlfield>
  <controlfield tag="003">MIRAKIL</controlfield>
  <controlfield tag="005">20181213154913.0</controlfield>
  <controlfield tag="008">170713b        tu            000 0      </controlfield>
  <datafield tag="035" ind1=" " ind2=" ">
    <subfield code="a">18002</subfield>
  </datafield>
  <datafield tag="040" ind1=" " ind2=" ">
    <subfield code="a">Milas</subfield>
    <subfield code="b">tur</subfield>
    <subfield code="c">TR-AnCHP</subfield>
  </datafield>
  <datafield tag="041" ind1=" " ind2=" ">
    <subfield code="a">tur</subfield>
  </datafield>
  <datafield tag="082" ind1=" " ind2=" ">
    <subfield code="a">CHP 923.2 </subfield>
    <subfield code="b">C85 1940</subfield>
  </datafield>
  <datafield tag="090" ind1=" " ind2=" ">
    <subfield code="a">CHP 923.2 C85 1940</subfield>
  </datafield>
  <datafield tag="245" ind1=" " ind2=" ">
    <subfield code="a">C&#xFC;mhuriyetin 17nci y&#x131;ld&#xF6;n&#xFC;m&#xFC;nde hitabeler ve konferanslar</subfield>
    <subfield code="b">Ba&#x15F;vekil Dr. Refik Saydam'&#x131;n Ankara radyosunda C&#xFC;mhuriyet bayram&#x131;n&#x131; a&#xE7;&#x131;&#x15F; hitabesi ve vekaletlerle milli te&#x15F;ekk&#xFC;ler ad&#x131;na Ankara radyosunda verilen konferanslar</subfield>
    <subfield code="c">CHP</subfield>
  </datafield>
  <datafield tag="246" ind1=" " ind2=" ">
    <subfield code="a">Refik Saydam'&#x131;n konu&#x15F;malar&#x131;</subfield>
  </datafield>
  <datafield tag="260" ind1=" " ind2=" ">
    <subfield code="a">Ankara</subfield>
    <subfield code="b">[yayl.y.]</subfield>
    <subfield code="c">1940</subfield>
    <subfield code="f">s&#xFC;mer matbaas&#x131;</subfield>
  </datafield>
  <datafield tag="300" ind1=" " ind2=" ">
    <subfield code="a">146 s.</subfield>
    <subfield code="c">23 sm.</subfield>
  </datafield>
  <datafield tag="490" ind1=" " ind2=" ">
    <subfield code="a">Cumhuriyet Halk Partisi yay&#x131;nlar&#x131;</subfield>
  </datafield>
  <datafield tag="505" ind1=" " ind2=" ">
    <subfield code="a">Adliyemiz; K&#x131;z&#x131;lay kurumu; Milli bankac&#x131;l&#x131;&#x11F;&#x131;m&#x131;z; Dahiliyemiz; Beden terbiyesi i&#x15F;lerimiz; S&#x131;hhat ve i&#xE7;timai muavenet i&#x15F;lerimiz;Maliyemiz; Maarifimiz; Nafiam&#x131;z; Ulusal ekonomi ve artt&#x131;rma kurumu; Milli iktisat; Ticaret i&#x15F;lerimiz; Ziraatimiz; G&#xFC;mr&#xFC;k ve inhisarlar; T&#xFC;rk hava kurumu i&#x15F;leri</subfield>
  </datafield>
  <datafield tag="600" ind1=" " ind2=" ">
    <subfield code="a">Saydam, Refik</subfield>
    <subfield code="c">Ba&#x15F;bakan</subfield>
    <subfield code="x">S&#xF6;ylev ve deme&#xE7;ler</subfield>
  </datafield>
  <datafield tag="610" ind1=" " ind2=" ">
    <subfield code="a">CHP</subfield>
    <subfield code="x">S&#xF6;ylev ve deme&#xE7;ler</subfield>
    <subfield code="y">Saydam, Refik</subfield>
  </datafield>
  <datafield tag="657" ind1=" " ind2=" ">
    <subfield code="a">Cumhuriyetin 17. y&#x131;l d&#xF6;n&#xFC;m&#xFC;</subfield>
  </datafield>
  <datafield tag="740" ind1=" " ind2=" ">
    <subfield code="a">Yeni parti program&#x131;n&#x131;n konu&#x15F;ulmas&#x131;na ba&#x15F;lan&#x131;rken prensiplerin ana &#xE7;izgilerini ayd&#x131;nlatmak &#xFC;zere 13 May&#x131;s 1935 kurultay toplant&#x131;s&#x131;nda</subfield>
  </datafield>
  <datafield tag="740" ind1=" " ind2=" ">
    <subfield code="a">Parti D&#xF6;rd&#xFC;nc&#xFC; b&#xFC;y&#xFC;k kurultay&#x131;n&#x131;n a&#xE7;&#x131;lmas&#x131;ndan &#xF6;nce, sunulacak i&#x15F;leri ayd&#x131;nlatmak &#xFC;zere 8 May&#x131;s 1935 gecesi Ankara radyosunda </subfield>
  </datafield>
  <datafield tag="740" ind1=" " ind2=" ">
    <subfield code="a">Refik Saydam'&#x131;n konu&#x15F;malar&#x131;</subfield>
  </datafield>
  <datafield tag="942" ind1=" " ind2=" ">
    <subfield code="2">dcc</subfield>
    <subfield code="c">BKS</subfield>
  </datafield>
  <datafield tag="952" ind1=" " ind2=" ">
    <subfield code="a">0001</subfield>
    <subfield code="b">0001</subfield>
    <subfield code="d">2017-07-12</subfield>
    <subfield code="e">2</subfield>
    <subfield code="l">0</subfield>
    <subfield code="o">CHP 923.2 C85 1940</subfield>
    <subfield code="p">017086</subfield>
    <subfield code="r">2017-07-12 00:00:00</subfield>
    <subfield code="v">0.00</subfield>
    <subfield code="w">2017-07-12</subfield>
    <subfield code="y">BKS</subfield>
  </datafield>
  <datafield tag="999" ind1=" " ind2=" ">
    <subfield code="c">2897</subfield>
    <subfield code="d">2897</subfield>
  </datafield>
</record>
